The 50 Most Valuable Soccer Clubs - Statistics

General Stats
  • This quiz has been taken 458 times
  • The average score is 36 of 50
Answer Stats
# Value in € Country Soccer Club % Correct
2 758 m Spain FC Barcelona
100%
1 765 m Spain Real Madrid
100%
3 566 m Germany Bayern Munich
99%
4 525 m England Manchester City
99%
8 469 m England Manchester United
99%
9 465 m France Paris Saint-Germain
98%
5 515 m England Chelsea
97%
13 372 m England Liverpool FC
97%
21 225 m Italy A.C. Milan
96%
10 451 m Italy Juventus Turin
96%
7 493 m England Arsenal
95%
12 376 m Germany Borussia Dortmund
95%
15 330 m Italy Internazionale
93%
11 429 m England Tottenham Hotspur
93%
6 502 m Spain Atlético de Madrid
92%
16 306 m Italy AS Roma
91%
14 333 m Italy SSC Napoli
91%
30 180 m Portugal FC Porto
87%
25 203 m Portugal SL Benfica
85%
26 201 m France Olympique Lyonnais
84%
19 236 m Spain FC Sevilla
81%
43 126 m England Newcastle United
78%
18 253 m England Everton
77%
29 185 m Spain Valencia CF
77%
49 113 m Netherlands PSV Eindhoven
76%
24 205 m England Leicester City
75%
34 169 m Portugal Sporting CP
75%
23 209 m England West Ham United
75%
33 174 m Italy Lazio
74%
27 198 m France AS Monaco
73%
17 274 m Germany Bayer 04 Leverkusen
68%
22 217 m Germany FC Schalke 04
66%
37 157 m Spain Athletic Club Bilbao
64%
44 124 m Germany RB Leipzig
63%
45 120 m Turkey Besiktas
59%
20 231 m England Southampton
56%
32 174 m Italy ACF Fiorentina
52%
28 187 m England Crystal Palace
52%
38 154 m Germany VfL Wolfsburg
51%
39 138 m Turkey Fenerbahçe
49%
50 109 m Italy Atalanta
43%
36 164 m Germany Borussia Mönchengladbach
41%
40 132 m Italy Torino FC
40%
47 114 m France OGC Nice
37%
46 115 m Spain Real Sociedad
36%
42 127 m England Watford
36%
41 128 m England Swansea City
35%
31 174 m Spain FC Villarreal
31%
35 168 m England Stoke City
31%
48 113 m England Hull
24%
No matching quizzes found
Score Distribution
Percent of People with Each Score
Percentile by Number Answered
Your Score History
You have not taken this quiz